Normal view
MARC view
Entry Personal Name
001 - CONTROL NUMBER
- control field: 29346
003 - CONTROL NUMBER IDENTIFIER
- control field: OSt
005 - DATE AND TIME OF LATEST TRANSACTION
- control field: 20250829090309.0
008 - FIXED-LENGTH DATA ELEMENTS
- fixed length control field: 250829|| aca||aabn | a|a d
040 ## - CATALOGING SOURCE
- Original cataloging agency: OSt
- Transcribing agency: OSt
100 ## - HEADING--PERSONAL NAME
- Personal name: Sharma, Vijay
670 ## - SOURCE DATA FOUND
- Source citation: Work cat.: (OSt)20891: Sharma, Vijay, Sarveshwar Dayal Saxena ka kavya (Manviya sarokaron ke darpan mein)


